[Event "Vienna op-A"]
[Site "Vienna"]
[Date "2016.08.23"]
[Round "9"]
[White "Hertneck, Gerald"]
[Black "Keymer, Vincent"]
[Result "0-1"]
[WhiteElo "2469"]
[BlackElo "2348"]
[Annotator "Fischer,J"]
[PlyCount "64"]
[EventDate "2016.08.16"]
[EventType "swiss"]
[EventRounds "9"]
[EventCountry "AUT"]
[SourceTitle "CBM 173 Extra"]
[Source "ChessBase"]
[SourceDate "2016.08.29"]
[SourceVersion "1"]
[SourceVersionDate "2016.08.29"]
[SourceQuality "1"]

1. d4 d5 2. Nf3 Nf6 3. c4 c6 4. Nc3 dxc4 5. a4 Bf5 6. Ne5 Nbd7 7. Nxc4 Nb6 8.
Ne5 a5 9. g3 e6 10. Bg2 Bb4 11. O-O O-O 12. e3 Qe7 13. g4 Bg6 14. h4 h6 15.
Nxg6 {A new move. White shatters Black's pawn structure but Black gets play on
the f-file. In the game Black's counterplay turns out to be surprisingly
strong.} fxg6 16. e4 e5 17. g5 hxg5 18. hxg5 Nh5 19. dxe5 Qxe5 20. Qb3+ Kh7 21.
Ne2 Bc5 $1 {[#]Targeting White's biggest weakness: f2.} 22. Bd2 $6 ({It was
safer to neutralize the black-squared bishop with} 22. Be3 {e.g.} Bxe3 23. Qxe3
Nc4 24. Qc3 Qxc3 25. bxc3 Rf7 26. f4 {with a roughly equal position.}) 22...
Rad8 23. Rad1 $2 {[#]Now Black has a hidden tactical win.} Rd7 $2 {But the
tactical resource is so deeply hidden that Black also misses it.} ({After} 
23... Bxf2+ $1 24. Rxf2 Qc5 {Black is winning because White cannot defend the
rook on f2 adequately, e.g.} 25. Bf3 Nc4 26. Rc1 Rxd2 27. Rxc4 Rxf3 28. Rxc5
Rxb3 {with a winning position for Black. However, after the move in the game
Black is also better.}) 24. Bc3 ({According to the engines White here had to
play} 24. Be3 {e.g.} Bxe3 25. fxe3 Rfd8 26. Nd4 {with a slight plus for Black.
However, 24.Be3 is an engine but not a human move.}) 24... Qxg5 25. Rxd7 Nxd7
26. Qxb7 Qg4 $1 {[#]After this strong moves which defends d7 and attacks e2
White is lost because he cannot adequately defend e2, f2 and his king.} 27. Qa6
Qh4 {With an attack on f2.} 28. Bd4 Bxd4 29. Nxd4 Nf4 {Threatening 30...Qg4 or
30...Qg5.} 30. Qxc6 Ne5 31. Qc3 Ned3 32. e5 Rd8 $1 {[#]Black now threatens 33..
.Rxd4 34.Qxd4 Ne2+ winning the queen and the knight cannot move because of ...
Ne2+. White will lose material and therefore resigned.} 0-1

[Event "GER-ch 86th"]
[Site "Saarbruecken"]
[Date "2015.12.09"]
[Round "7"]
[White "Hilverda, Alexander"]
[Black "Keymer, Vincent"]
[Result "1-0"]
[WhiteElo "2385"]
[BlackElo "2342"]
[Annotator "Fischer,J"]
[PlyCount "61"]
[EventDate "2015.12.03"]
[EventType "swiss"]
[EventRounds "9"]
[EventCountry "GER"]
[SourceTitle "CBM 169 Extra"]
[Source "ChessBase"]
[SourceDate "2015.12.18"]
[SourceVersion "1"]
[SourceVersionDate "2015.12.18"]
[SourceQuality "1"]

1. d4 d5 2. c4 c6 3. Nf3 Nf6 4. Nc3 dxc4 5. a4 Bf5 6. Ne5 Nbd7 7. Nxc4 Nb6 8.
Ne5 a5 9. f3 Nfd7 10. Nxd7 Nxd7 11. e4 Bg6 12. Be2 e5 13. f4 {Eine Neuerung.
Schwarz hat noch nicht rochiert und hinkt mit der Eröffnung hinterher, also
möchte Weiß die Stellung öffnen.} exf4 14. O-O Qb6 15. Bxf4 Bb4 ({Schwarz
kann den Bauern nehmen, aber Weiß bekommt Kompensation, z.B.} 15... Qxb2 16.
Qd3 Qb6 17. Rab1 Qa7 18. Bg4 {und Schwarz steht unter Druck.}) 16. h4 h6 ({
Von dem Bauern auf e4 sollte Schwarz allerdings besser die Finger lassen:} 
16... Bxc3 17. bxc3 Bxe4 18. Bd3 Bxd3 19. Re1+ Kf8 20. Qxd3 {und die
exponierte Königsstellung des Schwarzen bietet Weiß mehr als genug
Kompensation für den Bauern.}) 17. h5 Bh7 18. Qd3 O-O 19. Rad1 Kh8 20. Qg3
Rae8 ({Nach} 20... Bxc3 21. bxc3 Bxe4 {spielt Weiß} 22. Bd6 {und gewinnt den
Bauern mit vorteilhafter Stellung zurück.}) 21. Bc7 Qa7 22. Bc4 f6 23. Kh1 Nb6
({Erneut wirkt es sehr riskant, den Bauern zu nehmen, aber nach} 23... Bxe4 24.
Nxe4 Rxe4 25. Bd3 Rxd4 26. Qg6 f5 {halten die Engines die Stellung trotz der
möglichen Mattdrohungen auf den weißen Feldern für ausgeglichen.}) 24. Bb3
Qa6 25. e5 {Schwarz hat den Bauern nicht genommen, jetzt setzt er sich in Gang
und bringt Weiß die lange erhoffte Öffnung der Stellung.} fxe5 26. Rxf8+ Bxf8
27. dxe5 Nc4 28. Qf4 Nxb2 29. Rd8 $1 {Nach dem Turmtausch kann Schwarz die
Grundreihe nicht mehr verteidigen - die schwarze Dame und der schwarze
Springer stehen zu weit im Abseits.} Rxd8 30. Bxd8 Bb4 31. Qf7 1-0

[Event "EU-Cup 10th final"]
[Site "Lyon"]
[Date "1994.11.20"]
[Round "3"]
[White "Ruzele, Darius"]
[Black "Thorsteins, Karl"]
[Result "1-0"]
[WhiteElo "2495"]
[BlackElo "2510"]
[Annotator "Ftacnik,L"]
[PlyCount "81"]
[EventDate "1994.11.18"]
[EventType "team-k.o."]
[EventRounds "3"]
[EventCountry "FRA"]
[SourceTitle "EXT 2020"]
[Source "ChessBase"]
[SourceDate "2019.10.17"]
[SourceVersion "1"]
[SourceVersionDate "2019.10.17"]
[SourceQuality "1"]
[WhiteTeam "Vilnius Kaise"]
[BlackTeam "Reykjavikur Taflfelag"]
[WhiteTeamCountry "LTU"]
[BlackTeamCountry "ISL"]

1. d4 d5 2. c4 c6 3. Nc3 Nf6 4. Nf3 dxc4 5. a4 Bf5 6. Ne5 Nbd7 7. Nxc4 Nb6 8.
Ne5 e6 9. f3 (9. e3 Bb4 (9... Bd6 10. Be2 O-O 11. O-O c5 12. a5 cxd4 13. exd4
Nbd5 14. Nb5 Bb8 15. Qb3 Nd7 16. Nc4 Qe7 17. Bf3 {Stempin,P-Meduna,E/EU-chT
Haifa (05) ;EU-chT 1989/0-1 (31)}) 10. Bd2 Nfd7 11. Nd3 Be7 12. e4 Bg6 13. Nf4
e5 14. Nxg6 hxg6 15. dxe5 Nxe5 {1/2-1/2 Razuvaev,Y-Chernin,A/URS-ch52 Riga (15)
;URS-ch 1985}) (9. Bg5 Be7 10. e3 h6 11. Bh4 O-O 12. Bd3 Nfd7 (12... Bxd3 13.
Qxd3 {+=}) 13. Bxe7 Qxe7 14. Bxf5 exf5 15. Nd3 c5 16. O-O cxd4 17. exd4 Nf6 18.
Re1 Qd8 19. Nc5 Nc4 20. Nxb7 Qb6 21. b3 $1 Nb2 22. Qf3 $1 {[%emt 0:00:17]
Georgiev,Ki-Ninov,K/ Stara Zagora zt-A/1990/1-0/ ;CBM}) 9... a5 (9... Nfd7 10.
Nd3 (10. a5 Nxe5 11. axb6 Nd7 12. e4 Bg6 13. Rxa7 Nxb6 14. Rxa8 {1/2-1/2
Sosonko,G-Hort,V/BL 8182 (1981) ;BL 1982} (14. Rxb7 Ra1 15. Kf2 Bd6 16. Qb3
Rxc1 17. Qxb6 O-O 18. e5 Qxb6 19. Rxb6 Rb8 20. Rxb8+ Bxb8 21. Ne2 Rb1 {Lutz,
C-Meduna,E/Porz ;CBM 10 1988/0-1 (43)})) (10. e4 Nxe5 11. dxe5 Qxd1+ 12. Kxd1
Bg6 13. a5 Nd7 14. a6 b6 15. Bf4 Bc5 16. Kc2 Bd4 17. Rd1 Bxe5 18. Rxd7 Bxf4 {
Mandl,Ro-Meduna,E/BL qual ; TD 91\01 1991/1/2-1/2 (48)}) 10... Qh4+ 11. Nf2 e5
12. e4 exd4 13. Ne2 O-O-O 14. exf5 Ne5 15. Ng3 Nd5 16. Qb3 Bb4+ 17. Bd2 Bxd2+
18. Kxd2 {Van Wely, L-Schmidt,Pe/Muenchen op9293 (09) ;TD 92\11 1992/1-0 (29)})
(9... Nbd7 10. e4 Bg6 11. Nc4 Bb4 12. Bg5 Be7 13. Be3 O-O 14. Be2 Nb6 15. Ne5
Nbd7 16. Nd3 Ne8 17. O-O {Komljenovic,D-Velikov,P/Torcy op ;TD 91\02 1991/1/
2-1/2 (41)}) (9... Bb4 10. a5 Nbd5 11. Bd2 Nxc3 12. Bxc3 Nd5 13. Qb3 Qh4+ 14.
g3 Qxd4 15. Bxb4 Qxb4+ 16. Qxb4 Nxb4 17. Rc1 {Rossiter,P-Botterill,G/BCF-ch ;
TD 87\02 1987/0-1 (44)}) 10. e4 Bg6 11. Be3 Bb4 12. Be2 O-O 13. O-O Nfd7 14.
Nxg6 hxg6 15. Kh1 Qe7 16. Bg1 Rfd8 17. Qb3 c5 18. Na2 $1 cxd4 (18... Bd2 19.
dxc5 $1) 19. Nxb4 Qxb4 20. Qxb4 axb4 21. a5 $1 d3 $5 (21... Nc8 22. Bxd4 Ne7
23. Be3 Nc6 24. Rfd1 $1 {+/-} Rxa5 (24... Nxa5 25. Bb5 {+-}) 25. Rxa5 Nxa5 26.
Bb6 {+-}) 22. Bxd3 Ne5 23. Bb5 Nbc4 24. f4 Nd6 25. Be2 Nc6 26. Bb6 Re8 27. e5
$1 Nc8 28. Bf3 $1 Nxb6 29. axb6 Ne7 $2 (29... Rad8) 30. Bxb7 Rab8 (30... Rxa1
$2 31. Rxa1 Rb8 32. Ra8 Rxa8 33. Bxa8 {+- /\Bf3,Pb7-b8}) 31. Ra7 Nc8 32. Bxc8
Rexc8 33. Rc7 $1 Rxc7 $6 (33... Rd8 34. b7 {/\Rf1-c1-c4-b4}) 34. bxc7 Rc8 35.
Rc1 Kf8 36. Kg1 Ke7 37. Kf2 Kd7 38. Ke3 Rxc7 39. Rxc7+ Kxc7 40. Kd4 Kb6 41. Kc4
(41. Kc4 Ka5 42. b3 f6 43. h4 {Winning by 'zugzwang'}) 1-0

[Event "Olympiad-33"]
[Site "Elista"]
[Date "1998.10.05"]
[Round "7.3"]
[White "Babula, Vlastimil"]
[Black "Rausis, Igors"]
[Result "1-0"]
[WhiteElo "2575"]
[BlackElo "2535"]
[Annotator "Ftacnik,L"]
[PlyCount "91"]
[EventDate "1998.09.29"]
[EventType "team-swiss"]
[EventRounds "13"]
[EventCountry "RUS"]
[SourceTitle "CBM 068"]
[Source "ChessBase"]
[SourceDate "1999.02.01"]
[SourceVersion "1"]
[SourceVersionDate "1999.02.01"]
[SourceQuality "1"]
[WhiteTeam "Czech Republic"]
[BlackTeam "Latvia"]
[WhiteTeamCountry "CZE"]
[BlackTeamCountry "LAT"]

1. d4 d5 2. c4 c6 3. Nf3 Nf6 4. Nc3 dxc4 5. a4 Bf5 6. Ne5 e6 7. f3 Bb4 8. e4
Bxe4 9. fxe4 Nxe4 10. Bd2 Qxd4 11. Nxe4 Qxe4+ 12. Qe2 Bxd2+ 13. Kxd2 Qd5+ 14.
Kc2 Na6 15. Nxc4 O-O 16. Qe5 Rab8 $5 17. Be2 (17. Rd1 Nb4+ 18. Kc1 Na2+ 19. Kc2
Nb4+ {1/2-1/2 Cramling,P-Hector,J/Sigeman Malmo/1998/}) (17. h4 Nb4+ 18. Kc1
Rbc8 19. b3 b5 20. Qxd5 cxd5 21. axb5 dxc4 22. bxc4 Nd5 23. Rxa7 Nb6 24. Kb2
Nxc4+ 25. Bxc4 Rxc4 26. Kb3 {Georgiev,K-Khenkin,I/Metz op 1997/1-0 (58)}) (17.
Rc1 f6 18. Qxd5 cxd5 19. Nd6 Rfd8 20. Nb5 Rdc8+ 21. Kb1 Rxc1+ 22. Kxc1 Nc5 23.
Be2 a6 24. Nd4 Kf7 {1/2-1/2 Mikhalevski,V-Milov,L/Komercni Banka op 1996 (36)})
17... f6 (17... Nb4+ 18. Kb3 b5 19. axb5 Rxb5 20. Qxd5 cxd5 21. Ne3 Rb7 22. Kc3
Nc6 23. Nd1 Rc8 24. Kd2 Nd4 {1/2-1/2 Malaniuk,V-Milov,L/Simferopol/Alushta
1992 (65)}) 18. Qxd5 (18. Qe3 Nb4+) 18... cxd5 19. Nd6 (19. Na5 Rfc8+ 20. Kd2
Nc5) (19. Nd2 Rfc8+ 20. Kb3 Nc5+ 21. Kb4) 19... Nb4+ 20. Kd2 $146 {The fight
for advantage is difficult, three connected passed pawns often play rather
intimidating role on white pieces.} (20. Kb1 a6 21. Ra3 Nc6 22. Rc1 Nd4 23. Bf1
Rfd8 24. Rd3 e5 25. Rxd4 exd4 26. Nf5 {Sergejev,R-Haba,P/EU-chTM 1997/1/2-1/2 
(105)}) (20. Kb3 $2 Nc6 21. Rad1 a6 22. Bg4 f5 23. Bxf5 exf5 24. Rxd5 $17) (20.
Kc3 Nc6 21. Nb5 $13) 20... a6 21. Ra3 Rfd8 $2 (21... Nc6 $5 22. Rb3 Nd4 23.
Rxb7 Rxb7 24. Nxb7 Nxe2 25. Kxe2 Rb8 26. Nc5 Rxb2+ 27. Kf3 Rb6 $13) 22. Rb3 Nc6
23. Nxb7 Nd4 {Rausis must have believed, that the jump of the knigt will solve
all the problems.} (23... Rd7 24. Bxa6 Nd4 25. Rb6 $18) 24. Nxd8 Nxb3+ (24...
Rxb3 25. Bxa6 Rxb2+ 26. Kc3 Ra2 27. Re1 e5 (27... Rxa4 28. Nxe6 Nxe6 29. Rxe6
Kf7 30. Rb6 $18) 28. Bb7 Rc2+ 29. Kd3 Rc5 30. Rb1 $16) 25. Kc3 Nc5 (25... d4+
26. Kc2 d3+ 27. Bxd3 Rxd8 28. Bxa6 Nc5 29. Bc4 $14 (29. Bb5 Rc8 $1 $13)) 26.
Nxe6 $1 {Excellent idea to swap the advantage in number of pieces for the
superiority in the endgame with bishop against knight and two passed pawns.} (
26. Kd4 Nb3+) (26. Nc6 $2 Rb6 27. Na5 Nxa4+ 28. Kd4 Rxb2 $17) 26... Nxa4+ (
26... Nxe6 27. Bxa6 Ra8 (27... d4+ 28. Kc2 Rb4 29. b3 $16) 28. Bb5 Rc8+ 29. Kb4
Rc2 30. Re1 Nd4 31. Bf1 Nc6+ 32. Kb3 Nd4+ 33. Ka3 $16) 27. Kd4 Rxb2 28. Bf3 $1
(28. Bxa6 Rxg2 29. Kxd5 Kf7 $14) 28... Kf7 29. Ra1 Rb4+ (29... Kxe6 30. Rxa4
Rd2+ 31. Kc3 Rf2 32. Rxa6+ $18) 30. Kxd5 Nc3+ (30... Rb5+ 31. Kd6 Rb6+ 32. Bc6
Nc3 33. Nd4 $18) 31. Kc5 Ra4 (31... Rb5+ 32. Kd4 Kxe6 33. Rxa6+ Kf5 34. Kxc3
$18) 32. Nd8+ (32. Rxa4 Nxa4+ 33. Kb4 Kxe6 34. Kxa4 $16) 32... Kg6 (32... Ke8
$2 33. Bc6+ $18) (32... Ke7 33. Nc6+ Kf7 34. Re1 $18) 33. Re1 $1 {[%mdl 2048]
Black is left with two pawns for the bishop and his pieces are awy from the
kingside. White plan is attack the black king and his surrounding pawn
structure.} (33. Rxa4 Nxa4+ 34. Kb4 Nb6 $16) 33... Rh4 (33... a5 34. Nc6 $18)
34. h3 Na4+ 35. Kd5 Nc3+ (35... Nb6+ 36. Kc6 Nc4 37. Be4+ $1 f5 38. Bd5 $18)
36. Ke6 Rc4 (36... a5 37. Bg4 a4 38. Nf7 $18) 37. Nc6 h5 (37... Nb5 38. Ne7+
Kg5 39. Kf7 g6 40. g3 Nd6+ 41. Kg7 Nf5+ 42. Nxf5 Kxf5 43. Kh6 $1 $18) 38. Ra1
Nb5 (38... Ra4 39. Ne7+ Kg5 40. Rc1 $18) 39. Rd1 (39. Rxa6 $2 Nc7+ $19) 39...
Rc5 (39... h4 40. Rd7 Kh7 41. Kf7 $18) 40. Rd7 Kh6 (40... Nc3 41. h4 a5 42.
Ne7+ Kh7 43. Kf7 $18) (40... h4 41. Rd8 Kh7 42. Kf7 $18) 41. h4 a5 42. Rd8 $1 {
The mating attack is extremely dangerous for black.} (42. Nxa5 Nd4+ 43. Rxd4
Rxa5 $16) 42... g6 (42... a4 $2 43. Rh8+ Kg6 44. Ne7#) (42... Kh7 43. Be4+ f5
44. Bxf5+ g6 45. Be4 $18) (42... g5 43. Kxf6 Kh7 44. Be4+ $18) 43. Kf7 $1 (43.
Kxf6 Rf5+ 44. Ke6 a4 $16) 43... Kh7 $8 44. Ne7 a4 (44... Rc7 45. Kxf6 $18) 45.
Nxg6 Rc8 (45... Rc7+ 46. Kxf6 $18) 46. Rd5 $1 (46. Rxc8 Nd6+ 47. Kxf6 Nxc8 48.
Bxh5 a3 49. Nf8+ $18) 1-0

[Event "Capablanca Memorial Elite 31st"]
[Site "Cienfuegos"]
[Date "1996.??.??"]
[Round "9"]
[White "Garcia Ilundain, David"]
[Black "Gonzalez, Renier"]
[Result "1-0"]
[WhiteElo "2550"]
[BlackElo "2560"]
[Annotator "Ftacnik,L"]
[PlyCount "79"]
[EventDate "1996.05.??"]
[EventType "tourn"]
[EventRounds "13"]
[EventCountry "CUB"]
[EventCategory "12"]
[SourceTitle "CBM 054"]
[Source "ChessBase"]
[SourceDate "1996.10.01"]
[SourceVersion "1"]
[SourceVersionDate "1996.10.01"]
[SourceQuality "1"]

1. d4 {Kanstler} d5 2. c4 c6 3. Nc3 Nf6 4. Nf3 dxc4 5. a4 Bf5 6. Ne5 e6 7. f3
Bb4 8. e4 Bxe4 9. fxe4 Nxe4 10. Qf3 Qxd4 11. Qxf7+ Kd8 12. Bg5+ Kc8 (12... Nxg5
13. Qxg7 Bxc3+ 14. bxc3 Qxc3+ 15. Ke2 {1/2-1/2 Adorjan,A-Petursson,M/Dubai olm
(13)/1986/} (15. Ke2 Qc2+ {Adorjan,A-Petursson,M/Dubai(olm)/1986/0,5/17/})) 13.
Qxe6+ Nd7 14. Qxd7+ Qxd7 15. Nxd7 Nxg5 $6 {N/} (15... Nxc3 16. bxc3 Bxc3+ 17.
Kd1 Bxa1 18. Nc5 b5 (18... b6 19. Ne6 b5 20. Be2 {Ehlvest,J-Petrosian,T/
Tallinn/1983/0,5/20/} a6 21. Rf1 h6 22. Bh4 Kd7 23. Nc5+ Kd6 24. Nb7+ Ke5 25.
Bg3+ {1-0 Sosonko,G-Torre,E/Tilburg/1982/ (29)}) 19. g3 (19. Be2 Kc7 20. Bf4+
Kb6 21. Nd7+ Ka5 22. axb5 cxb5 23. Kc2 Bd4 24. Rd1 Rae8 25. Bf3 Bf6 26. Bc7+
Kb4 27. Rb1+ {1-0 Cvetkovic,S-Krzisnik,R/JUG-ch/1968/}) 19... Re8 20. Bg2 Re5
21. Bh3+ Kc7 22. Bf4 g5 23. Bxe5+ Bxe5 24. Re1 Bd6 25. Ne6+ Kb6 26. Nxg5 Bb4 {
1/2-1/2 Podzielny,K-Ramos,D/BL 9091/1991/ (44)}) 16. O-O-O Re8 (16... Rd8 17.
Ne5 $16) (16... Bxc3 17. bxc3 Ne4 18. Rd4 $16) 17. Bxc4 Kc7 (17... Re7 {
Kanstler} 18. h4 $18) 18. Rhf1 Rad8 19. h4 Ne4 (19... Bxc3 20. bxc3 Ne4 21. Rf7
Nxc3 22. Nc5+ Kb6 23. Rxd8 Rxd8 24. Nxb7 $18) 20. Rf7 Nxc3 (20... Nd6 {Kanstler
} 21. Nf6+ Nxf7 22. Nxe8+ Rxe8 23. Bxf7 $18) 21. bxc3 Ba3+ (21... Bxc3 22. Nf6+
Kb6 23. Nxe8 $18) 22. Kc2 Re7 23. Ne5 $1 (23. Rxe7 Bxe7 24. Ne5 Bxh4 (24...
Rxd1 {Kanstler} 25. Kxd1 Bxh4 $16)) 23... Rxd1 24. Kxd1 Rxf7 25. Bxf7 $18 Be7
26. Nf3 (26. h5 $6 Bf6) 26... b5 27. axb5 cxb5 28. Kc2 Kb6 29. Bg8 h6 30. h5 a5
31. Bf7 Bf6 32. Nd2 Be5 (32... a4 33. Be8 Ka5 34. Nf3 Kb6 35. Nd4 b4 36. Bxa4
$18) 33. Be8 Kc5 34. Nb3+ Kb6 35. Nc1 (35. Nd4 b4 36. Ne2 $18) 35... b4 36.
cxb4 axb4 37. Nd3 Bc3 (37... Bd6 38. Kb3 Ka5 39. Ba4 Be7 40. Ne5 $18) 38. Kb3
Ka5 39. Bd7 Bd2 40. Ne5 (40. Ne5 Bc3 41. Nc6+ Kb6 42. Nxb4 $18) 1-0

[Event "Capablanca Memorial Elite 31st"]
[Site "Cienfuegos"]
[Date "1996.??.??"]
[Round "11"]
[White "Arencibia Rodriguez, Walter"]
[Black "Gonzalez, Renier"]
[Result "1-0"]
[WhiteElo "2515"]
[BlackElo "2560"]
[Annotator "Ftacnik,L"]
[PlyCount "59"]
[EventDate "1996.05.??"]
[EventType "tourn"]
[EventRounds "13"]
[EventCountry "CUB"]
[EventCategory "12"]
[SourceTitle "CBM 054"]
[Source "ChessBase"]
[SourceDate "1996.10.01"]
[SourceVersion "1"]
[SourceVersionDate "1996.10.01"]
[SourceQuality "1"]

1. d4 {Petursson} d5 2. c4 c6 3. Nc3 Nf6 4. Nf3 dxc4 5. a4 Bf5 6. Ne5 e6 7. f3
Bb4 8. Nxc4 c5 (8... O-O 9. Bg5 h6 10. Bh4 c5) 9. dxc5 Qxd1+ 10. Kxd1 Bxc5 11.
e4 Bg6 12. Nb5 Kd8 (12... Kd7 13. Ne5+ Kd8 14. Bf4 Nbd7 (14... Na6 15. Nd3 Be7
16. Rc1 Ne8 17. Be3 b6 18. a5 bxa5 19. Bxa7 Bb4 20. Ne5 f6 21. Nd4 fxe5 22.
Nc6+ Kc7 23. Bxa6 Rxa7 24. Nxb4+ {1-0 Browne,W-Formanek,E/USA/1982/ (37)}) 15.
Nd3 a6 16. Nd6 Bxd6 17. Bxd6 Ne8 18. Ba3 Nc7 19. Rc1 Rc8 20. g3 f5 21. Nf4 fxe4
22. Bd6 Bf7 23. fxe4 e5 24. Nd3 {1-0 Levin,N-Bagirov,V/URS-ch35 Kharkov/1967/ 
(38)}) (12... Na6 13. Ncd6+ Ke7 14. Nxb7 Rhd8+ 15. Nxd8 Rxd8+ 16. Ke2 (16. Ke1
Nb4 17. Na3 Nxe4 18. fxe4 Rd4 19. Be2 Rxe4 20. Kf1 Re5 21. Bd2 Nd3 22. Nc4 Rf5+
23. Bf3 e5 24. Ke2 Nf2 25. Ne3 {1-0 Shtyrenkov,V-Shurygin,S/Pardubice op/1995/
(32)}) 16... Nb4 17. Bd2 Nxe4 18. Bxb4 Bxb4 19. fxe4 Bh5+ 20. Kf2 Rd2+ 21. Kg3
a6 22. Na7 Bc5 23. Nc6+ Kd6 24. Na5 {1-0 Agzamov,G-Sygulski,A/Potsdam (13)/
1985/ (27)}) 13. Bg5 (13. Nbd6 Bxd6 14. Nxd6 Kc7 15. Nc4 Nc6 16. Bf4+ Kd7 17.
Ke1 Ne8 18. b4 Ke7 19. b5 Nd4 20. Rd1 Rd8 21. Na5 {1-0 Bagirov,V-Knezevic,M/
Moskva/1968/ (26)}) 13... a6 14. Nc3 (14. Nbd6 Kc7) 14... h6 15. Bh4 Kc8 (15...
Be7 16. Ne5 $16) 16. b4 $1 Ba7 $2 (16... Bxb4 17. Nb6+ Kd8 18. Na2 $18) (16...
Rd8+ 17. Ke1 Bd4 (17... Bxb4 18. Nb6+ Kc7 19. Nxa8+ Kc6 20. Rc1 $18) 18. Rc1
Nc6 19. Ne2 $14) 17. Rc1 Nbd7 (17... Rd8+ 18. Ke1 Nc6 19. e5 $16) 18. e5 Ne8 (
18... Nh7 19. Nb5 $1 Kb8 (19... axb5 20. Nb6+ Kb8 21. Nxd7#) 20. Be7 axb5 21.
Bd6+ Kc8 22. Nb6+ Kd8 23. Nxa8 $18) 19. Nb5 $1 Kb8 (19... axb5 $2 {Petursson
Due to the power of the double check White has a choice of mates starting with
Nb6++ or Nd6++} 20. Nb6+ Kb8 21. Nxd7# (21. Rc8#)) 20. Nxa7 Rxa7 (20... Kxa7
21. Bf2+ b6 22. a5 $18) 21. Bf2 Ra8 (21... b6 22. Bxb6 (22. Nxb6 Nxe5 23. Bg3
$16) 22... Nxb6 23. Nxb6 Nc7 24. Rc6 $16) 22. Nb6 $1 Nxb6 23. Bxb6 f6 24. Bc4
fxe5 25. Bxe6 Nf6 (25... Nd6 26. Re1 Nf7 27. Re3 $18) 26. Ke2 (26. Re1 e4 27.
Re3 exf3 28. Rec3 $18) 26... Re8 27. Rhd1 e4 {Petursson: Here White finds a
beautiful forced mate in maximum 7 moves.} 28. Rc8+ Rxc8 29. Bxc8 exf3+ (29...
Kxc8 30. Rd8#) 30. gxf3 (30. gxf3 Be8 31. Rd8 $18) 1-0